000 00421nam a2200181Ia 4500
001 16820
005 20260306170339.0
008 260306t2012||||xx |||||||||||||| ||und||
041 _aESP
082 _a657
_bZ32 T. 2 2012
100 _aZans, Walter
_eAUT
245 0 _aContabilidad básica II
260 _c2012
300 _a330 páginas :
_c24 cm.
650 _aGEN
654 _aCCO
942 _cLIB
_dJUS
_fJUS
_2ddc
_n
999 _c16820
_d16820